Úvod do penológie

Bibliographic Details
Main Author: Fábry, Anton, 1952- (Author)
Format: Book
Language:Slovak
PhysicalDescription:175 s. fotogr., sch. 21 cm
Published: Bratislava Občianske združenie Sociálna práca 2006
ISBN:8089185231
Edition:1. vyd.
Series:Právo - ekonómia - demografia
Subjects:

MARC

LEADER 00000nam a2200000 a 4500
001 vtls008935025
003 SK-MaSNL
005 20260301022809.0
008 240318s2006 xo ol f 000 0 slo
015 |a SNBA207/01-00050 
020 |a 8089185231  |q (brož.) 
035 |a 346C51C2-FF63-41DB-B38B-68597CD73893 
035 |a urn:nbn:sk:snk-aml7wv 
035 |a urn:nbn:sk:snk-am008t5a 
040 |a SNK  |b slo  |c SNK  |e AACR2 
041 0 |a slo 
044 |a xo  |c SK 
072 7 |a 343  |x Trestné právo  |2 konspekt 
080 |a 343.8  |2 2001 
080 |a 343.27  |2 2001 
080 |a (072)  |2 2001 
100 1 |a Fábry, Anton,  |d 1952-  |4 aut  |9 151667 
245 1 0 |a Úvod do penológie  |c Anton Fábry 
250 |a 1. vyd. 
260 |a Bratislava  |b Občianske združenie Sociálna práca  |c 2006 
300 |a 175 s.  |b fotogr., sch.  |c 21 cm 
366 |e 300 výtl. 
490 1 |a Právo - ekonómia - demografia 
504 |a Bibliogr. s. 155-163 
650 0 7 |a penológia  |2 SNKPH  |9 69331 
650 0 7 |a väzenstvo  |2 SNKPH  |9 2642 
650 0 7 |a výkon trestu  |2 SNKPH  |9 21540 
655 7 |a učebné pomôcky  |2 SNKPH  |9 70567 
830 0 |a Právo - ekonómia - demografia  |9 304011 
919 |a 80-89185-23-1 
958 |a OND 
999 |c 567950  |d 569880 
952 |a SNK  |b SNK  |y PREZ  |7 0  |p 17A0537064  |o snkSC 126268  |i snk2007/1057  |8 0  |0 0  |1 0  |4 0  |d 2007-01-12  |f 1  |l 0  |r 2025-06-11 00:00:00  |w 2026-02-23 
952 |a SNK  |b SNK  |y VYP  |7 0  |p 17A0537063  |o snkSC 126268 D1  |i snk2007/1058  |8 0  |0 0  |1 0  |4 0  |d 2007-01-12  |l 0  |r 2026-02-23 14:04:14  |w 2026-02-23